00731nam a2200205 i 45000010005000000030009000050050017000140080041000310200018000720800019000900800021001091000034001302450153001642600036003173000022003535040032003756000049004076510047004568520022005038810ES-MaACL20250805054834.0921001s1992 sp |||| |bspa d a84-87204-40-6 a92 Carlos(46)I a9(46)"1517/1556"1 aCadenas y Vicent, Vicente de.10aDiario del emperador Carlos V b: itinerarios, permanencias, despacho, sucesos y efemérides relevantes de su vida / cVicente de Cadenas y Vicent. aMadrid : bHidalguía, c1992. a426 p. ; c25 cm. aBibliografía: p. 409-426.04aCarlos bI, cRey de España-xBiografías 4aEspaña-xHistoria-y1516-1556, Carlos I. aES-MaACLjL-16160